Chaotic dynamics : (Record no. 11340)
[ view plain ]
| 000 -LEADER | |
|---|---|
| fixed length control field | 01219pam a2200277 a 4500 |
| 001 - CONTROL NUMBER | |
| control field | 3449954 |
| 005 - DATE AND TIME OF LATEST TRANSACTION | |
| control field | 19930105101515.4 |
| 008 - FIXED-LENGTH DATA ELEMENTS--GENERAL INFORMATION | |
| fixed length control field | 920611s1992 nyua b 101 0 eng |
| 010 ## - LIBRARY OF CONGRESS CONTROL NUMBER | |
| LC control number | 92021986 |
| 020 ## - INTERNATIONAL STANDARD BOOK NUMBER | |
| International Standard Book Number | 0521547830 |
| 040 ## - CATALOGING SOURCE | |
| Original cataloging agency | DLC |
| Transcribing agency | DLC |
| Modifying agency | DLC |
| 050 00 - LIBRARY OF CONGRESS CALL NUMBER | |
| Classification number | Q172.5.C45 |
| Item number | C438 1992 |
| 082 00 - DEWEY DECIMAL CLASSIFICATION NUMBER | |
| Classification number | 003.7 |
| Edition number | 20 |
| Item number | TEL |
| 245 00 - TITLE STATEMENT | |
| Title | Chaotic dynamics : |
| Remainder of title | An Introduction based on classical mechanics / |
| Statement of responsibility, etc | edited by T. Bountis. |
| 260 ## - PUBLICATION, DISTRIBUTION, ETC. (IMPRINT) | |
| Place of publication, distribution, etc | Cambridge: |
| Name of publisher, distributor, etc | Cambridge university press, |
| Date of publication, distribution, etc | c.2006. |
| 300 ## - PHYSICAL DESCRIPTION | |
| Extent | xii, 393 p. : |
| Other physical details | ill. ; |
| Dimensions | 26 cm. |
| 500 ## - GENERAL NOTE | |
| General note | Includes Index. |
| 504 ## - BIBLIOGRAPHY, ETC. NOTE | |
| Bibliography, etc | Includes bibliographical references and index. |
| 650 #0 - SUBJECT ADDED ENTRY--TOPICAL TERM | |
| Topical term or geographic name as entry element | Chaotic behavior in systems |
| General subdivision | Congresses. |
| 9 (RLIN) | 3884 |
| 700 1# - ADDED ENTRY--PERSONAL NAME | |
| Personal name | Bountis, Tassos. |
| 9 (RLIN) | 3885 |
| 710 2# - ADDED ENTRY--CORPORATE NAME | |
| Corporate name or jurisdiction name as entry element | North Atlantic Treaty Organization. |
| Subordinate unit | Scientific Affairs Division. |
| 9 (RLIN) | 3886 |
| 711 2# - ADDED ENTRY--MEETING NAME | |
| Meeting name or jurisdiction name as entry element | Nato Advanced Study Institute on Chaotic Dynamics, Theory and Practice |
| Date of meeting | (1991 : |
| Location of meeting | Patrai, Greece) |
| 9 (RLIN) | 3887 |
| 942 ## - ADDED ENTRY ELEMENTS (KOHA) | |
| Source of classification or shelving scheme | Dewey Decimal Classification |
| Item type | Book - Borrowing |
| Withdrawn status | Item status | Source of classification or shelving scheme | Damaged status | Not for loan | Vendor | Home library | Current library | Shelving location | Date acquired | Source of acquisition | Cost, normal purchase price | Serial Enumeration / chronology | Total Checkouts | Full call number | Barcode | Date last seen | Date last borrowed | Koha item type |
|---|---|---|---|---|---|---|---|---|---|---|---|---|---|---|---|---|---|---|
| Dewey Decimal Classification | Baccah | Central Library | Central Library | Lower Floor | 21/04/2009 | 456.00 | 7117 | 1 | 003.7 TEL | 000015972 | 15/07/2025 | 30/01/2017 | Book - Borrowing |